000 00628nam a22002177i 4500
003 URS
005 20250915143517.0
008 171026b xxu||||| |||| 00| 0 eng d
040 _erda
_cURSP-College Library
_beng
050 _bFil GV 501.5 Ad46 1986
100 1 _aAndin, Carmen Tabije,
_eauthor
245 _aAerobic Dancing for Fitness and Fun
_cCarmen Tabije Andin
264 1 _aManila
_bRex Book Store
_c1986.
300 _av, 85pages
_c22cm.
336 _atext
_btxt
_2rdacontent
337 _aunmediated
_bn
_2rdamedia
338 _avolume
_bnc
_2rdacarrier
500 _aIncludes
650 0 _adancing.
942 _2lcc
_cF
999 _c86837
_d86835